| 000 | 00840nam a2200253Ia 4500 | ||
|---|---|---|---|
| 999 |
_c55666 _d55666 |
||
| 001 | 22761 | ||
| 003 | GE_BSU | ||
| 005 | 20220525102716.0 | ||
| 008 | 181216s||||||||xx |||||||||||||| ||und|| | ||
| 020 | _a9783825235208 | ||
| 040 | _cGE_BSU | ||
| 080 | _a81'25 | ||
| 100 |
_aKoller,Werner _913833 |
||
| 245 |
_aEinführung in die Übersetzungswissenschaft. 8. neubearbeitete Auflage : _bUnter mitarbeit von Kjetil Berg Henjum / _cWerner Koller. |
||
| 264 |
_aTubingen : _bFrancke Verlag, _c2011. |
||
| 300 |
_a349 p. ; _b22 cm. |
||
| 522 | _aBibl. p.: 307-329 | ||
| 653 | _aEinführung in die Übersetzungswissenschaft | ||
| 653 | _aneubearbeitete Auflage | ||
| 653 | _aUnter mitarbeit von Kjetil Berg Henjum | ||
| 653 | _aТеория переводов | ||
| 653 | _aთარგმნის თეორია | ||
| 942 |
_cBK _2udc |
||